000
00218nam a22000977a 4500
999
_c
15843
_d
15843
003
OSt
008
191022b ||||| |||| 00| 0 eng d
100
_a
Parappurath
_9
4341
245
_a
Anweshichu kandethiyilla
942
_c
BK